Т. 1; Промышленное газовое оборудование

Dades bibliogràfiques
Parent link:Промышленное газовое оборудование: справочник/ под ред. Е. А. Карякина. Т. 1.— 4-е изд., перераб. и доп..— , 2006
Sumari:Книга предназначена для технических работников, имеющих отношение к промышленному газовому оборудованию (проектировщиков, монтажников, работников эксплуатирующих организаций, инженеров ОМТС). В книге дано описание более 1000 образцов различных приборов и оборудования, применяемых в газораспределительных сетях: трубопроводной арматуры, соединительных деталей и элементов трубопроводов, регуляторов давления газа, газовых фильтров, предохранительных клапанов, систем контроля загазованности, газорегуляторных пунктов и установок, устройств учета расхода газа (бытовые, коммунально-бытовые и промышленные счетчики, измерительные комплексы, пункты учета), транспортабельных (блочных) котельных установок. Приведено 463 чертежа и 334 фотографии.
Idioma:rus
Publicat: 2006
Matèries:
Format: MixedMaterials Llibre
KOHA link:https://koha.lib.tpu.ru/cgi-bin/koha/opac-detail.pl?biblionumber=158869

MARC

LEADER 00000nam2a2200000 4500
001 158869
005 20231101222052.0
010 |a 5975801966 
035 |a (RuTPU)RU\TPU\book\172301 
090 |a 158869 
100 |a 20090429d2006 km y0rusy50 ca 
101 0 |a rus 
102 |a RU 
105 |a a g 001zy 
200 0 |a Т. 1 
210 |d 2006 
215 |a 528 с.  |c ил. 
320 |a Перечень предприятий: с. 510-514. 
330 |a Книга предназначена для технических работников, имеющих отношение к промышленному газовому оборудованию (проектировщиков, монтажников, работников эксплуатирующих организаций, инженеров ОМТС). В книге дано описание более 1000 образцов различных приборов и оборудования, применяемых в газораспределительных сетях: трубопроводной арматуры, соединительных деталей и элементов трубопроводов, регуляторов давления газа, газовых фильтров, предохранительных клапанов, систем контроля загазованности, газорегуляторных пунктов и установок, устройств учета расхода газа (бытовые, коммунально-бытовые и промышленные счетчики, измерительные комплексы, пункты учета), транспортабельных (блочных) котельных установок. Приведено 463 чертежа и 334 фотографии. 
461 1 |0 (RuTPU)RU\TPU\book\180582  |t Промышленное газовое оборудование  |o справочник  |f под ред. Е. А. Карякина  |v Т. 1  |e 4-е изд., перераб. и доп.  |d 2006 
606 1 |a Газовое оборудование  |2 stltpush  |3 (RuTPU)RU\TPU\subj\4614  |9 32864 
610 1 |a трубопроводная арматура 
610 1 |a устройство 
610 1 |a классификация 
610 1 |a соединительные детали 
610 1 |a элементы 
610 1 |a газ 
610 1 |a давление 
610 1 |a газовые регуляторы давления 
610 1 |a газовые фильтры 
610 1 |a предохранительные клапаны 
610 1 |a газоанализаторы 
610 1 |a справочники 
675 |a 696.2.002.5(035)  |v 3 
801 1 |a RU  |b 63413507  |c 20090429  |g PSBO 
801 2 |a RU  |b 63413507  |c 20150930  |g PSBO 
900 |a Газоснабжение промпредприятий 
942 |c BK 
959 |a 56/20090428  |d 5  |e 4800,00  |f ЧЗТЛ:1  |f АНЛ:1  |f УФ:3